Elenca la formazione - Finale UEFA Champions League 2009-2010 - Statistics

Statistiche generali
  • Questo quiz è stato fatto 154 volte
  • Il punteggio medio è 17 su 22
Statistiche sulle risposte
Ruolo Nazione Calciatore % Corretto
Attaccante Argentina Diego Milito
99%
Ala Macedonia del Nord Goran Pandev
98%
Portiere Brasile Júlio César
98%
Ala Camerun Samuel Eto'o
98%
Centrocampista Argentina Esteban Cambiasso
93%
Centrocampista Argentina Javier Zanetti
93%
Difensore Brasile Lucio
93%
Difensore Brasile Maicon
93%
Trequartista Paesi Bassi Wesley Sneijder
92%
Difensore Romania Cristian Chivu
90%
Difensore Argentina Walter Samuel
86%
Difensore Germania Philipp Lahm
78%
Attaccante Germania Thomas Müller
74%
Centrocampista Paesi Bassi Arjen Robben
70%
Centrocampista Germania Bastian Schweinsteiger
60%
Difensore Argentina Martín Demichelis
60%
Attaccante Croazia Ivica Olić
57%
Centrocampista Paesi Bassi Mark van Bommel
57%
Difensore Belgio Daniel Van Buyten
52%
Centrocampista Turchia Hamit Altıntop
49%
Portiere Germania Hans-Jörg Butt
49%
Difensore Germania Holger Badstuber
35%
Nessun quiz corrispondente trovato
Distribuzione punteggi
Percentuale di utenti per punteggio
Percentile per numero di risposta
I tuoi punteggi nel tempo
Non hai fatto questo quiz